Dataset Open Access

VIPR Reflectometry Model: Neural Spline Flow for Neutron Reflectometry Inference (MARIA Dataset)

Rustamov, Jeyhun


MARC21 XML Export

<?xml version='1.0' encoding='UTF-8'?>
<record xmlns="http://www.loc.gov/MARC21/slim">
  <leader>00000nmm##2200000uu#4500</leader>
  <datafield tag="542" ind1=" " ind2=" ">
    <subfield code="l">open</subfield>
  </datafield>
  <datafield tag="980" ind1=" " ind2=" ">
    <subfield code="a">user-rodare</subfield>
  </datafield>
  <datafield tag="024" ind1=" " ind2=" ">
    <subfield code="a">10.14278/rodare.4504</subfield>
    <subfield code="2">doi</subfield>
  </datafield>
  <datafield tag="856" ind1="4" ind2=" ">
    <subfield code="s">2361</subfield>
    <subfield code="u">https://rodare.hzdr.de/record/4504/files/config.yaml</subfield>
    <subfield code="z">md5:acbe184714e390b2d0163d9906d3334a</subfield>
  </datafield>
  <datafield tag="856" ind1="4" ind2=" ">
    <subfield code="s">47105055</subfield>
    <subfield code="u">https://rodare.hzdr.de/record/4504/files/model.pt</subfield>
    <subfield code="z">md5:793137e46081d65d202ece92242c558a</subfield>
  </datafield>
  <datafield tag="100" ind1=" " ind2=" ">
    <subfield code="a">Rustamov, Jeyhun</subfield>
    <subfield code="0">(orcid)0000-0002-4803-2461</subfield>
  </datafield>
  <datafield tag="260" ind1=" " ind2=" ">
    <subfield code="c">2026-02-11</subfield>
  </datafield>
  <datafield tag="650" ind1="1" ind2="7">
    <subfield code="a">cc-by</subfield>
    <subfield code="2">opendefinition.org</subfield>
  </datafield>
  <datafield tag="540" ind1=" " ind2=" ">
    <subfield code="u">https://creativecommons.org/licenses/by/4.0/legalcode</subfield>
    <subfield code="a">Creative Commons Attribution 4.0 International</subfield>
  </datafield>
  <controlfield tag="001">4504</controlfield>
  <datafield tag="520" ind1=" " ind2=" ">
    <subfield code="a">&lt;p&gt;This dataset provides a pre-trained Neural Spline Flow (NSF) model for probabilistic inference in neutron reflectometry, developed within the VIPR framework.&lt;/p&gt;

&lt;p&gt;The model estimates posterior distributions of thin-film parameters (e.g., thickness, SLD, roughness) directly from reflectivity curves, enabling fast uncertainty quantification and detection of multimodal solutions. It is configured for data from the MARIA reflectometer and corresponds to the probabilistic workflow presented in the associated VIPR publication .&lt;/p&gt;

&lt;p&gt;Contents: model weights and configuration file.&lt;br&gt;
Usage: designed for execution within VIPR via YAML-defined inference workflows.&lt;/p&gt;</subfield>
  </datafield>
  <datafield tag="773" ind1=" " ind2=" ">
    <subfield code="a">https://www.hzdr.de/publications/Publ-43325</subfield>
    <subfield code="i">isIdenticalTo</subfield>
    <subfield code="n">url</subfield>
  </datafield>
  <datafield tag="773" ind1=" " ind2=" ">
    <subfield code="a">10.57967/hf/8498</subfield>
    <subfield code="i">isPartOf</subfield>
    <subfield code="n">doi</subfield>
  </datafield>
  <datafield tag="773" ind1=" " ind2=" ">
    <subfield code="a">10.14278/rodare.4503</subfield>
    <subfield code="i">isVersionOf</subfield>
    <subfield code="n">doi</subfield>
  </datafield>
  <datafield tag="980" ind1=" " ind2=" ">
    <subfield code="a">dataset</subfield>
  </datafield>
  <datafield tag="909" ind1="C" ind2="O">
    <subfield code="o">oai:rodare.hzdr.de:4504</subfield>
    <subfield code="p">openaire_data</subfield>
    <subfield code="p">user-rodare</subfield>
  </datafield>
  <datafield tag="245" ind1=" " ind2=" ">
    <subfield code="a">VIPR Reflectometry Model: Neural Spline Flow for Neutron Reflectometry Inference (MARIA Dataset)</subfield>
  </datafield>
  <controlfield tag="005">20260511105515.0</controlfield>
</record>
78
16
views
downloads
All versions This version
Views 7878
Downloads 1616
Data volume 471.1 MB471.1 MB
Unique views 7676
Unique downloads 1616

Share

Cite as